000 00613nam a2200253Ia 4500
005 20260121161136.0
008 008 260114s9999 xx 000 0 eng d
020 _a9780429450587
037 _aEBOOK
040 _aCRL
040 _beng
040 _cCRL
041 _2eng
041 _aeng
084 _qCRL
100 _a Martin Harrison
_91040734
245 0 _aTrade Unions and the Labour Party since 1945
260 _bTaylor and Francis
260 _c1960
856 _uhttp://www.taylorfrancis.com/books/9780429450587
942 _cEBOOK
999 _c1607550
_d1607550